|
|
|
|
| LEADER |
03404nam a22005655i 4500 |
| 001 |
978-3-642-13821-8 |
| 003 |
DE-He213 |
| 005 |
20151204190215.0 |
| 007 |
cr nn 008mamaa |
| 008 |
100615s2010 gw | s |||| 0|eng d |
| 020 |
|
|
|a 9783642138218
|9 978-3-642-13821-8
|
| 024 |
7 |
|
|a 10.1007/978-3-642-13821-8
|2 doi
|
| 040 |
|
|
|d GrThAP
|
| 050 |
|
4 |
|a QA76.758
|
| 072 |
|
7 |
|a UMZ
|2 bicssc
|
| 072 |
|
7 |
|a UL
|2 bicssc
|
| 072 |
|
7 |
|a COM051230
|2 bisacsh
|
| 082 |
0 |
4 |
|a 005.1
|2 23
|
| 245 |
1 |
0 |
|a Research into Practice – Reality and Gaps
|h [electronic resource] :
|b 6th International Conference on the Quality of Software Architectures, QoSA 2010, Prague, Czech Republic, June 23 - 25, 2010. Proceedings /
|c edited by George T. Heineman, Jan Kofron, Frantisek Plasil.
|
| 264 |
|
1 |
|a Berlin, Heidelberg :
|b Springer Berlin Heidelberg,
|c 2010.
|
| 300 |
|
|
|a X, 183 p. 66 illus.
|b online resource.
|
| 336 |
|
|
|a text
|b txt
|2 rdacontent
|
| 337 |
|
|
|a computer
|b c
|2 rdamedia
|
| 338 |
|
|
|a online resource
|b cr
|2 rdacarrier
|
| 347 |
|
|
|a text file
|b PDF
|2 rda
|
| 490 |
1 |
|
|a Lecture Notes in Computer Science,
|x 0302-9743 ;
|v 6093
|
| 505 |
0 |
|
|a Abstracts of the Keynotes -- Intrinsic Definition in Software Architecture Evolution -- A Component-Based Approach to Adaptive User-Centric Pervasive Applications -- Model-Driven Analysis -- Validating Model-Driven Performance Predictions on Random Software Systems -- Statistical Inference of Software Performance Models for Parametric Performance Completions -- Parameterized Reliability Prediction for Component-Based Software Architectures -- Architecture-Driven Reliability and Energy Optimization for Complex Embedded Systems -- Quality of Service Adaptation -- QoS Driven Dynamic Binding in-the-many -- A Hybrid Approach for Multi-attribute QoS Optimisation in Component Based Software Systems -- Using QoS-Contracts to Drive Architecture-Centric Self-adaptation -- Case Studies and Experience Reports -- Is BPMN Really First Choice in Joint Architecture Development? An Empirical Study on the Usability of BPMN and UML Activity Diagrams for Business Users -- Barriers to Modularity - An Empirical Study to Assess the Potential for Modularisation of Java Programs -- Evaluating Maintainability with Code Metrics for Model-to-Model Transformations -- Good Architecture = Good (ADL + Practices).
|
| 650 |
|
0 |
|a Computer science.
|
| 650 |
|
0 |
|a Computer communication systems.
|
| 650 |
|
0 |
|a Software engineering.
|
| 650 |
|
0 |
|a Programming languages (Electronic computers).
|
| 650 |
|
0 |
|a Computer logic.
|
| 650 |
1 |
4 |
|a Computer Science.
|
| 650 |
2 |
4 |
|a Software Engineering/Programming and Operating Systems.
|
| 650 |
2 |
4 |
|a Computer Communication Networks.
|
| 650 |
2 |
4 |
|a Programming Languages, Compilers, Interpreters.
|
| 650 |
2 |
4 |
|a Software Engineering.
|
| 650 |
2 |
4 |
|a Logics and Meanings of Programs.
|
| 650 |
2 |
4 |
|a Information Systems Applications (incl. Internet).
|
| 700 |
1 |
|
|a Heineman, George T.
|e editor.
|
| 700 |
1 |
|
|a Kofron, Jan.
|e editor.
|
| 700 |
1 |
|
|a Plasil, Frantisek.
|e editor.
|
| 710 |
2 |
|
|a SpringerLink (Online service)
|
| 773 |
0 |
|
|t Springer eBooks
|
| 776 |
0 |
8 |
|i Printed edition:
|z 9783642138201
|
| 830 |
|
0 |
|a Lecture Notes in Computer Science,
|x 0302-9743 ;
|v 6093
|
| 856 |
4 |
0 |
|u http://dx.doi.org/10.1007/978-3-642-13821-8
|z Full Text via HEAL-Link
|
| 912 |
|
|
|a ZDB-2-SCS
|
| 912 |
|
|
|a ZDB-2-LNC
|
| 950 |
|
|
|a Computer Science (Springer-11645)
|